| 000 | 00353 a2200157 4500 | ||
|---|---|---|---|
| 001 | 171148 | ||
| 020 | _a | ||
| 040 | _cMagnum | ||
| 100 | _aGuimaraes, Marcio Eustaquio | ||
| 240 | 1 | 0 |
_aO livro azul da secretaria moderna _lpor |
| 245 | 1 | 0 | _aO livro azul da secretaria moderna |
| 362 | 0 | _a1899 | |
| 440 | 1 | _aÉrica | |
| 697 | _aGERAL | ||
| 942 | _cBK | ||
| 999 |
_c171148 _d171148 |
||